| Tag |
First Indicator |
Second Indicator |
Subfields |
| LEADER |
00000cam a2200000Ia 4500 |
| 001 |
in00002692425 |
| 005 |
20160422155524.0 |
| 008 |
750219s1764 fr af 000 1 fre c |
| 010 |
|
|
|a 12018392
|
| 029 |
1 |
|
|a NLGGC
|b 144281880
|
| 035 |
|
|
|a (OCoLC)ocm01180780
|
| 035 |
|
|
|a (OCoLC)1180780
|
| 040 |
|
|
|a DLM
|c DLM
|d OCLCG
|d CLU
|d KRTAS
|d TXA
|d UtOrBLW
|
| 049 |
|
|
|a TXAM
|
| 050 |
0 |
4 |
|a PQ2027.R3
|b A65 1764
|
| 100 |
1 |
|
|a Riccoboni, Marie Jeanne de Heurles Laboras de Mezières,
|d 1713-1792.
|
| 245 |
1 |
0 |
|a Histoire de Miss Jenny :
|b écrite & envoyée par elle à milady, comtesse de Roscomond, ambassadrice d'Angleterre à la cour de Danemarck /
|c par Madame Riccoboni.
|
| 246 |
1 |
8 |
|a Oevres de Riccoboni
|
| 264 |
|
1 |
|a Paris :
|b Brocas & Humblot,
|c 1764.
|
| 300 |
|
|
|a 4 volumes in 2 :
|b illustrations ;
|c 17 cm.
|
| 336 |
|
|
|a text
|b txt
|2 rdacontent
|
| 337 |
|
|
|a unmediated
|b n
|2 rdamedia
|
| 338 |
|
|
|a volume
|b nc
|2 rdacarrier
|
| 500 |
|
|
|a Frontipiece engravings at the beginning of each volume.
|
| 938 |
|
|
|a Kirtas Technologies, Inc.
|b KRTS
|n 472023
|
| 948 |
|
|
|a cataloged
|b h
|c 2011/5/19
|d c
|e fpiscitelli
|f 12:16:19 pm
|
| 994 |
|
|
|a C0
|b TXA
|
| 999 |
|
|
|a MARS
|
| 999 |
f |
f |
|s bf66bf67-a0c1-3810-ad51-d2d7d74f766c
|i 649113e9-dcb3-3d21-97c0-6946d5e836f5
|t 0
|
| 952 |
f |
f |
|p noncirc
|a Texas A&M University
|b College Station
|c Cushing Memorial Library & Archives
|d Cushing: Dawson French (Does not check out)
|t 0
|e PQ2027.R3 H6 1764
|h Library of Congress classification
|i unmediated -- volume
|k 3.ptie/4.ptie
|
| 952 |
f |
f |
|p noncirc
|a Texas A&M University
|b College Station
|c Cushing Memorial Library & Archives
|d Cushing: Dawson French (Does not check out)
|t 0
|e PQ2027.R3 H6 1764
|h Library of Congress classification
|i unmediated -- volume
|k 1.ptie/2.ptie
|
| 998 |
f |
f |
|a PQ2027.R3 H6 1764
|s 1.ptie/2.ptie-3.ptie/4.ptie
|t 0
|l Cushing: Dawson French (Does not check out)
|